statistieken voor Vlaams-Brabantse Gemeenten op de Kaart

Klik hier om de quiz te nemen!

Generale statistieken

  • Deze quiz is al 440 keer genomen
  • De gemiddelde score is 35 of 65

Antwoord statistieken

Gemeente % Correct
Leuven
96%
Tienen
82%
Vilvoorde
78%
Halle
77%
Diest
77%
Aarschot
76%
Zaventem
72%
Landen
69%
Grimbergen
62%
Tervuren
60%
Affligem
59%
Scherpenheuvel-Zichem
59%
Overijse
59%
Asse
59%
Dilbeek
59%
Bierbeek
58%
Gooik
58%
Tielt-Winge
57%
Sint-Genesius-Rode
55%
Haacht
55%
Tremelo
54%
Rotselaar
54%
Zemst
54%
Meise
54%
Zoutleeuw
54%
Hoegaarden
54%
Oud-Heverlee
53%
Bertem
53%
Ternat
53%
Hoeilaart
53%
Herent
52%
Liedekerke
51%
Machelen
51%
Wezembeek-Oppem
50%
Holsbeek
50%
Lennik
49%
Lubbeek
49%
Kortenberg
49%
Sint-Pieters-Leeuw
49%
Kraainem
48%
Bever
48%
Boutersem
48%
Londerzeel
47%
Steenokkerzeel
47%
Wemmel
46%
Herne
46%
Huldenberg
46%
Merchtem
46%
Beersel
45%
Kapelle-op-den-Bos
45%
Begijnendijk
44%
Opwijk
44%
Pepinge
44%
Boortmeerbeek
44%
Keerbergen
43%
Linter
43%
Linkebeek
43%
Drogenbos
42%
Kampenhout
42%
Galmaarden
41%
Roosdaal
41%
Bekkevoort
41%
Glabbeek
40%
Geetbets
40%
Kortenaken
38%

Score Distributie

Percentiel op hoeveel beantwoord

Procent van mensen met elke score

Uw Scoregeschiedenis

U hebt deze quiz nog niet genomen